书目信息 |
| 题名: |
睿智:邓小平哲学思想研究
|
|
| 作者: | 李友松 著 | |
| 分册: | ||
| 出版信息: | 武汉 华中理工大学出版社 1997.09 |
|
| 页数: | 259页 | |
| 开本: | 32开 | |
| 丛书名: | ||
| 单 册: | ||
| 中图分类: | A849.163 | |
| 科图分类: | ||
| 主题词: | 毛泽东著作--学习 , 毛泽东著作研究 | |
| 电子资源: | ||
| ISBN: | 7-5609-1624-4 | |
| 000 | 00617nam0 2200205 45 | |
| 001 | 0009131095 | |
| 005 | 20000913104650.5 | |
| 010 | @a7-5609-1624-4@d11.50元 | |
| 100 | @a20000913d1997 km y0chiy0120 ea | |
| 101 | 0 | @achi |
| 105 | @a z 000yy | |
| 200 | 1 | @a睿智:邓小平哲学思想研究@ARui Zhi:Deng Xiao Ping Zhe Xue Si Xiang Yan Jiu@f李友松著@FLi You Song Zhu |
| 210 | @a武汉@c华中理工大学出版社@d1997.09 | |
| 215 | @a259页@d32开 | |
| 606 | 0 | @a毛泽东著作@x学习 |
| 606 | 0 | @a毛泽东著作研究 |
| 690 | @aA849.163@v3 | |
| 701 | 0 | @a李友松@4著 |
| 801 | @aCN@bPftUser@c20000913 | |
| 905 | @b139146-148@dA849.163@eL799@f3 | |
| 睿智:邓小平哲学思想研究/李友松著.-武汉:华中理工大学出版社,1997.09 |
| 259页;32开 |
| ISBN 7-5609-1624-4:11.50元 |
| ● |
| 相关链接 |
|
|
|
正题名:睿智:邓小平哲学思想研究
索取号:A849.163/L799
 
预约/预借
| 序号 | 登录号 | 条形码 | 馆藏地/架位号 | 状态 | 备注 |
| 1 | 139146 | 201391467 | 法学院资料室/ [索取号:A849.163/L799] | 在馆 | |
| 2 | 139147 | 201391476 | 社科库509/509社科库 6排2列1层/ [索取号:A849.163/L799] | 在馆 | |
| 3 | 139148 | 201391485 | 社科库509/509社科库 6排2列1层/ [索取号:A849.163/L799] | 在馆 |